000 00553nam a2200205Ia 4500
003 OSt
005 20220926044951.0
006 a|||||r|||| 00| 0
007 ta
008 220923b |||||||| |||| 00| 0 eng d
037 _cGeneral Book
040 _aRTL
_cRTL
_beng
041 _2eng
_aeng
082 _aY:G0aX:77, L0
100 _aKunkel John H
_9329155
245 0 _aSociety and economic growth
_b A behavioural perspective
260 _c1970
942 _hY:G0aX:77, L0
_cGB
_2CC
999 _c676314
_d676314